00378 2200145 4500001002100000005001500021008004100036020002200077035001900099082001100118090001500129100002100144245003900165260002800204INLIS00000000002027520241224115847241224||||||||| | ||| |||| ||  a978-602-317-254-2 0010-12240202750 a639.32 a639.32 CAR0 atim agro mandiri00aCara Praktis Budi Daya Ikan Kerapu aSurakartabVisi Mandiri